33 đề thi xác suất và thống kê (Phân tích và giải)

Guardat en:
Dades bibliogràfiques
Autor principal: Đặng Hấn
Format: Llibre
Idioma:Undetermined
Publicat: Hà Nội Thống Kê 1996
Matèries:
Etiquetes: Afegir etiqueta
Sense etiquetes, Sigues el primer a etiquetar aquest registre!
Thư viện lưu trữ: Trung tâm Học liệu Trường Đại học Cần Thơ
LEADER 00586nam a2200181Ia 4500
001 CTU_1456
008 210402s9999 xx 000 0 und d
082 |a 519.2076 
082 |b H121 
100 |a Đặng Hấn 
245 0 |a 33 đề thi xác suất và thống kê 
245 0 |b (Phân tích và giải) 
245 0 |c Đặng Hấn 
260 |a Hà Nội 
260 |b Thống Kê 
260 |c 1996 
650 |a mathematical statistics - problems, exercises,probabilities - problems, exercises 
980 |a Trung tâm Học liệu Trường Đại học Cần Thơ